Culture and choice : (Record no. 2362)
[ view plain ]
| 000 -LEADER | |
|---|---|
| fixed length control field | 01078nam a2200301 a 4500 |
| 001 - CONTROL NUMBER | |
| control field | 1211847 |
| 003 - CONTROL NUMBER IDENTIFIER | |
| control field | GZU |
| 005 - DATE AND TIME OF LATEST TRANSACTION | |
| control field | 20201029092620.0 |
| 008 - FIXED-LENGTH DATA ELEMENTS--GENERAL INFORMATION | |
| fixed length control field | 981107s1998 rh a b 000 0 eng |
| 010 ## - LIBRARY OF CONGRESS CONTROL NUMBER | |
| LC control number | 98982455 |
| 020 ## - INTERNATIONAL STANDARD BOOK NUMBER | |
| International Standard Book Number | 0797418350 |
| 040 ## - CATALOGING SOURCE | |
| Original cataloging agency | DLC |
| Transcribing agency | DLC |
| 042 ## - AUTHENTICATION CODE | |
| Authentication code | lcode |
| 043 ## - GEOGRAPHIC AREA CODE | |
| Geographic area code | f-rh--- |
| 050 00 - LIBRARY OF CONGRESS CALL NUMBER | |
| Classification number | HV6626.23 |
| Item number | A75 1998 |
| 100 1# - MAIN ENTRY--PERSONAL NAME | |
| Personal name | Armstrong, Alice. |
| 245 10 - TITLE STATEMENT | |
| Title | Culture and choice : |
| Remainder of title | lessons from survivors of gender violence in Zimbabwe / |
| Statement of responsibility, etc. | Alice K. Armstrong. |
| 246 17 - VARYING FORM OF TITLE | |
| Title proper/short title | Culture & choice |
| 260 ## - PUBLICATION, DISTRIBUTION, ETC. | |
| Place of publication, distribution, etc. | [Harare : |
| Name of publisher, distributor, etc. | Violence against Women in Zimbabwe Research Project ; |
| Place of publication, distribution, etc. | Chapel Hill, U.S.A. : |
| Name of publisher, distributor, etc. | AKA, distributor, |
| Date of publication, distribution, etc. | c1998] |
| 300 ## - PHYSICAL DESCRIPTION | |
| Extent | ii, 149 p. : |
| Other physical details | ill. ; |
| Dimensions | 23 cm. |
| 504 ## - BIBLIOGRAPHY, ETC. NOTE | |
| Bibliography, etc. note | Includes bibliographical references. |
| 650 #0 - SUBJECT ADDED ENTRY--TOPICAL TERM | |
| Topical term or geographic name entry element | Abused women |
| Geographic subdivision | Zimbabwe. |
| 650 #0 - SUBJECT ADDED ENTRY--TOPICAL TERM | |
| Topical term or geographic name entry element | Family violence |
| Geographic subdivision | Zimbabwe. |
| 650 #0 - SUBJECT ADDED ENTRY--TOPICAL TERM | |
| Topical term or geographic name entry element | Sexual harassment of women |
| Geographic subdivision | Zimbabwe. |
| 906 ## - LOCAL DATA ELEMENT F, LDF (RLIN) | |
| a | 7 |
| b | cbc |
| c | origode |
| d | 3 |
| e | ncip |
| f | 19 |
| g | y-gencatlg |
| 942 ## - ADDED ENTRY ELEMENTS (KOHA) | |
| Source of classification or shelving scheme | Library of Congress Classification |
| Koha item type | Books |
| Classification part | 6626.23 |
| Item part | ARM |
| Call number prefix | HV |
| Call number suffix | 1998 |
| Withdrawn status | Lost status | Damaged status | Not for loan | Collection code | Home library | Current library | Shelving location | Date acquired | Total Checkouts | Full call number | Barcode | Date last seen | Copy number | Price effective from | Koha item type |
|---|---|---|---|---|---|---|---|---|---|---|---|---|---|---|---|
| Non-fiction | City Campus Library | City Campus Library | General Stacks | 10/29/2020 | HV6626.23 ARM 1998 | B017716 | 10/29/2020 | c.1 | 10/29/2020 | Books | |||||
| Non-fiction | City Campus Library | City Campus Library | General Stacks | 10/29/2020 | HV6626.23 ARM 1998 | B016693 | 10/29/2020 | c.2 | 10/29/2020 | Books | |||||
| Non-fiction | City Campus Library | City Campus Library | General Stacks | 10/29/2020 | HV6623.23 ARM 1998 | B017686 | 10/29/2020 | c.3 | 10/29/2020 | Books | |||||
| Non-fiction | City Campus Library | City Campus Library | General Stacks | 10/29/2020 | HV6626.23 ARM 1998 | B017735 | 10/29/2020 | c.4 | 10/29/2020 | Books |